Wide Sargasso Sea / (Record no. 64112)
[ view plain ]
| 000 -LEADER | |
|---|---|
| fixed length control field | 00843nam a2200277 a 4500 |
| 001 - CONTROL NUMBER | |
| control field | 64112 |
| 003 - CONTROL NUMBER IDENTIFIER | |
| rucl marc code | BD-RjUL |
| 005 - DATE AND TIME OF LATEST TRANSACTION | |
| control field | 20211209081255.0 |
| 008 - FIXED-LENGTH DATA ELEMENTS--GENERAL INFORMATION | |
| fixed length control field | 170209r20001997enk 000 1 eng d |
| 035 ## - SYSTEM CONTROL NUMBER | |
| System control number | (BD-RjUL)64242 |
| 040 ## - CATALOGING SOURCE | |
| Original cataloging agency | BD-RjUL |
| Language of cataloging | eng |
| Transcribing agency | BD-RjUL |
| 041 ## - LANGUAGE CODE | |
| Language code of text/sound track or separate title | eng |
| 082 ## - DEWEY DECIMAL CLASSIFICATION NUMBER | |
| Edition number | 23 |
| Classification number | 823.912 |
| Author mark and year | RHW 2000 |
| 100 1# - MAIN ENTRY--PERSONAL NAME | |
| Personal name | Rhys, Jean. |
| 9 (RLIN) | 190421 |
| 245 10 - TITLE STATEMENT | |
| Title | Wide Sargasso Sea / |
| Statement of responsibility, etc. | Jean Rhys ; edited by Angela Smith. |
| 260 ## - PUBLICATION, DISTRIBUTION, ETC. (IMPRINT) | |
| Place of publication, distribution, etc. | London : |
| Name of publisher, distributor, etc. | Penguin, |
| Date of publication, distribution, etc. | 1997 [Reprinted 2000] |
| 300 ## - PHYSICAL DESCRIPTION | |
| Pagination | xxv, 150 p. ; |
| Size | 20 cm. |
| 490 ## - SERIES STATEMENT | |
| Series statement | Penguin classics. |
| 504 ## - BIBLIOGRAPHY, ETC. NOTE | |
| Bibliography, etc | Includes bibliographical references. |
| 650 ## - SUBJECT ADDED ENTRY--TOPICAL TERM | |
| Topical term or geographic name as entry element | Manners and customs |
| 9 (RLIN) | 171679 |
| 651 ## - SUBJECT ADDED ENTRY--GEOGRAPHIC NAME | |
| Geographic name | West Indies |
| General subdivision | British West Indies |
| 9 (RLIN) | 190422 |
| Geographic name | West Indies |
| 9 (RLIN) | 190423 |
| 700 1# - ADDED ENTRY--PERSONAL NAME | |
| Personal name | Smith, Angela, |
| Dates associated with a name | 1941- |
| 830 #0 - SERIES ADDED ENTRY--UNIFORM TITLE | |
| Uniform title | Penguin classics. |
| 942 ## - ADDED ENTRY ELEMENTS (KOHA) | |
| Source of classification or shelving scheme | Dewey Decimal Classification |
| Koha item type | Books |
| Lost status | Source of classification or shelving scheme | Damaged status | Not for loan | Collection code | Permanent Location | Current Location | Shelving location | Date acquired | Source of acquisition | Cost, normal purchase price | Total Checkouts | Full call number | Date last seen | Copy number | Koha item type |
|---|---|---|---|---|---|---|---|---|---|---|---|---|---|---|---|
| Dewey Decimal Classification | Not For Loan | Non-fiction | Central Library, University of Rajshahi | Central Library, University of Rajshahi | Reading Room | 27/06/2013 | Dhaka, Associated Business Corporation. | 505.00 | 823.912 RHW 2000 | 09/02/2017 | C-1 | Books |